01542nam a2200385 a 450000100060000000300080000600500170001400800410003102000150007203500190008704000230010604100080012908200230013710000380016024501470019825000120034526000370035730000250039449000300041950400500044960000590049965000600055865000580061865000490067665000440072565000390076965000360080865100280084465500410087265500330091370000310094694200120097799900170098995201500100662728BD-RjUL20211209081121.0170124s1995 nyu b 000 1 eng d a0393966461 a(BD-RjUL)62855 aDLCcDLCdDLCbeng aeng00a813223bJAP 1995 1 aJames, Henry,d1843-1916.918636214aThe portrait of a lady :ban authoritative text, Henry James and the novel, reviews and criticism /cHenry James; edited by Robert D. Bamberg. a2nd ed. aNew York :bW.W. Norton,cc1995. aix, 785 p. ;c22 cm.0 aA Norton critical edition aIncludes bibliographical references (p. 785).10aJames, Henry,d1843-1916.tPortrait of a lady.9186451 0aArcher, Isabel (Fictitious character)vFiction.9186452 0aTriangles (Interpersonal relations)vFiction.9186453 0aInheritance and successionvFiction.9185891 0aFathers and daughtersvFiction.9186454 0aAmericanszItalyvFiction.9186455 0aMarried womenvFiction.9186456 0aItalyxFiction.9186457 7aPsychological fiction.2lcsh9186465 7aLove stories.2gsafd91864591 aBamberg, Robert D.9186460 2ddccBK c62728d62728 00102ddc40718FICaRUCLbRUCLcReadingd2009-04-02eParagon Enterprises Dhakag8.95l0o813 JAP 1995r2017-01-25 00:00:00tC-1w2017-01-25yBK